La province d'Aquitaine de A à Z - Statistiques

Statistiques générales
  • Ce quiz a été pris 14 fois
  • Le résultat moyen est 11 sur 26
Statistiques - réponses
Lettre Question Réponse % Correct
P Comté qui entre dans le domaine royal avec l'Aquitaine en 1137
100%
A Héritière de Guillaume X d'Aquitaine en 1137 Aliénor
92%
O Langue parlée dans la majeure partie de l'Aquitaine Occitan
92%
H Roi d'Angleterre qui épouse l'héritière d'Aquitaine, fille de Guillaume X (prénom et chiffre) Henri II
83%
W Peuple vaincu par les Francs en 507 Wisigoths
83%
G Autre nom du duché d'Aquitaine après 1259 Guyenne
75%
T Département créé en 1808 composé au 3/4 de territoires de l'ancienne Guyenne Tarn-et-Garonne
75%
L Roi de France qui épouse l'héritière d'Aquitaine, fille de Guillaume X (prénom et chiffre) Louis VII
67%
J Ancien premier ministre, président de l'Assemblée et maire de Bordeaux né en 1915 (prénom et nom) Jacques Chaban-Delmas
58%
Q Région appartenant à l'Aquitaine au XVIe et XVIIe siècle Quercy
58%
K Chanteur vainqueur de la 3e saison de The Voice (prénom et nom) Kendji Girac
50%
D Chevalier breton qui reconquiert l'Aquitaine entre 1370 et 1374 pour le roi de France (prénom et nom) Bertrand du Guesclin
42%
M Comté inclus à l'Aquitaine situé au nord du Limousin Marche
42%
X Petit-fils de Louis XV, frère de Louis XVI, titré duc d'Aquitaine à sa naissance (prénom) Xavier
42%
F Ecrivain et académicien auteur de Thérèse Desqueyroux né en 1885 à Bordeaux (prénom et nom) François Mauriac
33%
I Seigneurie actuellement dans l'Indre intégrée à l'Aquitaine Issoudun
33%
B Pays de l'ancienne Aquitaine actuellement situé en Gironde Bazadais
17%
E Auteur de Jacquou le Croquant né en 1836 (prénom et nom) Eugène Le Roy
17%
S Guerre qui oppose Français et Anglais en Aquitaine en 1324. Guerre de... Saint-Sardos
17%
Z Artiste peintre né en Aquitaine en 1826 (prénom et nom) Achille Zo
8%
N Ancien maire de Tonnerre, ministre de la Justice et de l'Agriculture né en Aquitaine en 1939 (prénom et nom) Henri Nallet
8%
C Bataille qui permet à l'Aquitaine d'absorber la Vasconie en 1063 La Castelle
8%
R 1er duc et comte d'Aquitaine Ramnulf
8%
V Victoire qui permet la conquête de l'Aquitaine par les Francs Vouillé
8%
Y Ministre de la Défense, des Affaires étrangères et de l'Education né en Aquitaine en 1885 (prénom et nom) Yvon Delbos
8%
U Seul cinéma d'art et d'essai de Bordeaux Utopia Saint-Siméon
0%
Aucun quiz correspondant
Distribution des résultats
% des personnes avec chaque résultat
Percentile par nombre de réponses
Votre historique - résultats
Vous n’avez pas pris ce quiz